Lí thuyết điều chỉnh tự động; T1

Guardado en:
Detalles Bibliográficos
Autor principal: Trần Văn Đắc
Formato: Libro
Lenguaje:Undetermined
Publicado: Hà Nội ĐH và THCN 1983
Etiquetas: Agregar Etiqueta
Sin Etiquetas, Sea el primero en etiquetar este registro!
Thư viện lưu trữ: Trung tâm Học liệu Trường Đại học Cần Thơ
LEADER 00513nam a2200169Ia 4500
001 CTU_14664
008 210402s9999 xx 000 0 und d
082 |a 629.8 
082 |b Đ113/T1 
100 |a Trần Văn Đắc 
245 0 |a Lí thuyết điều chỉnh tự động; T1 
245 0 |c Trần Văn Đắc 
260 |a Hà Nội 
260 |b ĐH và THCN 
260 |c 1983 
904 |i Nguyễn Quang Điền, 970106 
980 |a Trung tâm Học liệu Trường Đại học Cần Thơ